Name the Business by Logo Quiz Stats

 Plays Quiz Updated Aug 28, 2019

Score 0/20 Timer 06:00
6 Plays Today
number chain % Correct
2Toys 'R' Us
98.2%
16Subway
97%
15Ikea
67%
6Hertz Rent-a-Car
48.9%
18Staples
47.1%
17H&M
41.7%
9Borders
40.3%
10Victoria's Secret
31.8%
12Blockbuster
28.7%
8Best Buy
23.7%
number chain % Correct
3KFC
20.9%
13Burger King
14.6%
20Pizza Hut
14.5%
4Starbucks
12.2%
5Marriott
3.6%
19Hilton
1.9%
77-Eleven
1.9%
14Shell
1.7%
11PetSmart
1.4%
1Century 21
1.3%

You're not logged in!

Compare scores with friends on all Sporcle quizzes.
OR
Log In

Sporcle TV

Today on Sporcle TV


Watch our educational content, quiz creation guides, and fun videos on Sporcle TV.

Show Comments

Extras

Top Quizzes Today


Score Distribution

Your Account Isn't Verified!

In order to create a playlist on Sporcle, you need to verify the email address you used during registration. Go to your Sporcle Settings to finish the process.

Report this User

Report this user for behavior that violates our Community Guidelines.

Details: